00470nam a2200181Ia 4500003000400000005001700004008004100021020001800062040000700080041000800087082001600095100001700111245007900128250000700207260004200214300001300256650001900269OSt20230530143446.0210423s2008 xx 000 0 und d a81-8054-619-5 cAL aeng a346.07 KAPE aKAPOOR (N D) aElements of mercantile law: including company law and industrial law Ed 29 a29 aNew DelhibSultan Chand & Sonsc2008 a1143bPB aCommercial Law